Aspectos biológicos y sociales del cáncer de cuello de útero (Record no. 171673)

MARC details
000 -LEADER
campo de control de longitud fija 00910nam a22001935i 4500
001 - NÚMERO DE CONTROL
campo de control 171673
003 - IDENTIFICADOR DE NÚMERO DE CONTROL
campo de control ES-MaACL
005 - FECHA Y HORA DE LA ÚLTIMA TRANSACCIÓN
campo de control 20230906214708.0
008 - DATOS DE LONGITUD FIJA--INFORMACIÓN GENERAL
campo de control de longitud fija 090526s1973 sp |||| | spa d
080 ## - NÚMERO DE LA CLASIFICACIÓN DECIMAL UNIVERSAL
Número de la Clasificación Decimal Universal 618.146-006.6
100 0# - ENTRADA PRINCIPAL--NOMBRE DE PERSONA
Nombre de persona Sol, José R. del.
9 (RLIN) 107035
245 10 - MENCIÓN DEL TÍTULO
Título Aspectos biológicos y sociales del cáncer de cuello de útero
Resto del título : planteamiento de una campaña para su prevención en la ciudad y provincia de Valladolid /
Mención de responsabilidad, etc. discurso leído por el Excmo. e Ilmo. Señor Dr. D. José Ramón del Sol Fernández, contestación del Ilmo. Señor Dr. D. José Población del Castillo.
260 ## - PUBLICACIÓN, DISTRIBUCIÓN, ETC.
Lugar de publicación, distribución, etc. Valladolid :
Nombre del editor, distribuidor, etc. Academia de Medicina y Cirugía,
Fecha de publicación, distribución, etc. 1973.
300 ## - DESCRIPCIÓN FÍSICA
Extensión 186 p. :
Otras características físicas il. ;
Dimensiones 24 cm.
650 14 - PUNTO DE ACCESO ADICIONAL DE MATERIA--TÉRMINO DE MATERIA
Término de materia o nombre geográfico como elemento de entrada Utero-
Subdivisión general Cáncer.
9 (RLIN) 140333
700 1# - ENTRADA AGREGADA--NOMBRE PERSONAL
Nombre de persona Población del Castillo, José.
9 (RLIN) 92685
710 2# - ENTRADA AGREGADA--NOMBRE DE ENTIDAD CORPORATIVA
Nombre de entidad corporativa o nombre de jurisdicción como elemento de entrada Real Academia de Medicina y Cirugía de Valladolid.
9 (RLIN) 6330
852 ## - LOCALIZACIÓN
Ubicación ES-MaACL
Número de control de estantería C-53815
itemnumber R.86878
Holdings
Estatus retirado Estado de pérdida Estado de daño No para préstamo Biblioteca de origen Biblioteca actual Ubicación en estantería Fecha de adquisición Fuente de adquisición Total de préstamos Signatura topográfica completa Código de barras Visto por última vez Precio de reemplazo Tipo de ítem Koha
        Biblioteca del Ateneo de Madrid Biblioteca del Ateneo de Madrid Depósito 2 26/05/2009     C-53815 1180157 23/02/2023 23/02/2023 Libro impreso